01669cam a22003495a 4500001001000000003000400010005001700014008004100031020003000072040003700102082002500139100003700164245011700201250001900318260004800337300004700385500018200432500018200614500002300796500002300819504005100842590000900893650007300902651001000975653003700985650004801022700003401070700003201104942000801136999001701144952015801161016436569OSt20201128021513.0130621s2013 enka frbd 001 0 eng d a9781408271605 (paperback) aUkOxUbengcUkOxUdUkdEG-ScBUE 04a658.4038011bLAU2221 aLaudon, Kenneth C.,d1944-9129310aManagement information systems :bmanaging the digital firm /cKenneth C. Laudon, Jane P. Laudon, Ahmed Elragal. aArab world ed. aHarlow :bPearson Education Limited,c2013. a(Various pagings) :bill. (col.) ;c28 cm. aAuthorized adaptation from the United Stated edition, entitled Management information systems : managing the digital firm, 12th edition, by Kenneth C. Laudon and Jane P. Laudon. aAuthorized adaptation from the United Stated edition, entitled Management information systems : managing the digital firm, 12th edition, by Kenneth C. Laudon and Jane P. Laudon. aIncludes glossary. aIncludes MyMISLab. aIncludes bibliographical references and index. aNis. 0aManagement information systemszArab countriesvCase studies.2BUEsh 2BUEsh bCOMSCIcAugust2015cDecember2015 791296aManagement information systems2BUEsh1 aLaudon, Jane Pricec(Ph. D.),1 aElragal, Ahmedq(Ahmed A.), 2ddc c20560d20532 00102ddc40708BaccahaMAINbMAINc1STd2015-08-17ePurchaseg394.00h21759l1o658.4038011 LAUp000039724r2025-07-15 00:00:00s2016-03-16v493.00yBB